<?xml version="1.0" encoding="UTF-8"?>
<record
    xmlns:xsi="http://www.w3.org/2001/XMLSchema-instance"
    xsi:schemaLocation="http://www.loc.gov/MARC21/slim http://www.loc.gov/standards/marcxml/schema/MARC21slim.xsd"
    xmlns="http://www.loc.gov/MARC21/slim">

  <leader>00748nam a22001577a 4500</leader>
  <controlfield tag="003">OSt</controlfield>
  <controlfield tag="005">20151008094507.0</controlfield>
  <controlfield tag="008">151008b        xxu||||| |||| 00| 0 eng d</controlfield>
  <datafield tag="040" ind1=" " ind2=" ">
    <subfield code="c">RUA</subfield>
  </datafield>
  <datafield tag="082" ind1=" " ind2=" ">
    <subfield code="a">AVM HOR 2007 B079 Or.1</subfield>
  </datafield>
  <datafield tag="100" ind1=" " ind2=" ">
    <subfield code="9">2340</subfield>
    <subfield code="a">HORN, MANE.</subfield>
  </datafield>
  <datafield tag="245" ind1=" " ind2=" ">
    <subfield code="a">study on situation of dog health at veterinary service center (vsc) in khan chamca mon, phnom penh (&#x1780;&#x17B6;&#x179A;&#x179F;&#x17B7;&#x1780;&#x17D2;&#x179F;&#x17B6;&#x1796;&#x17B8;&#x179F;&#x17D2;&#x1790;&#x17B6;&#x1793;&#x1797;&#x17B6;&#x1796;&#x179F;&#x17BB;&#x1781;&#x1797;&#x17B6;&#x1796;&#x179A;&#x1794;&#x179F;&#x17CB; &#x179F;&#x17BB;&#x1793;&#x1781; &#x178A;&#x17C2;&#x179B;&#x1787;&#x17BD;&#x1794;&#x17D2;&#x179A;&#x1791;&#x17C7;&#x1793;&#x17C5;&#x1798;&#x1787;&#x17D2;&#x1788;&#x1798;&#x178E;&#x17D2;&#x178C;&#x179B;&#x179F;&#x17C1;&#x179C;&#x17B6;&#x1794;&#x179F;&#x17BB;&#x1796;&#x17D2;&#x1799;&#x17B6;&#x1794;&#x17B6;&#x179B;&#x1781;&#x17D0;&#x178E;&#x17D2;&#x178C;&#x1785;&#x17C6;&#x1780;&#x17B6;&#x179A;&#x1798;&#x1793; &#x179A;&#x17B6;&#x1787;&#x1792;&#x17B6;&#x1793;&#x17B8;&#x1797;&#x17D2;&#x1793;&#x17C6;&#x1796;&#x17C1;&#x1789;)</subfield>
  </datafield>
  <datafield tag="260" ind1=" " ind2=" ">
    <subfield code="a">Phnom Penh</subfield>
    <subfield code="b">RUA</subfield>
    <subfield code="c">2007</subfield>
  </datafield>
  <datafield tag="300" ind1=" " ind2=" ">
    <subfield code="a">ix, 36p.</subfield>
    <subfield code="b">ill.</subfield>
    <subfield code="c">29cm.</subfield>
  </datafield>
  <datafield tag="942" ind1=" " ind2=" ">
    <subfield code="2">ddc</subfield>
    <subfield code="c">AVM</subfield>
  </datafield>
  <datafield tag="999" ind1=" " ind2=" ">
    <subfield code="c">2206</subfield>
    <subfield code="d">2206</subfield>
  </datafield>
  <datafield tag="952" ind1=" " ind2=" ">
    <subfield code="0">0</subfield>
    <subfield code="1">0</subfield>
    <subfield code="2">ddc</subfield>
    <subfield code="4">0</subfield>
    <subfield code="6">AVM_HOR_2007_000000000000000_B079_OR_1</subfield>
    <subfield code="7">0</subfield>
    <subfield code="9">9127</subfield>
    <subfield code="a">LBB</subfield>
    <subfield code="b">LBB</subfield>
    <subfield code="c">B079</subfield>
    <subfield code="d">2015-10-08</subfield>
    <subfield code="o">AVM HOR 2007 B079 Or.1</subfield>
    <subfield code="p">RUA025143</subfield>
    <subfield code="r">2015-10-08</subfield>
    <subfield code="w">2015-10-08</subfield>
    <subfield code="y">AVM</subfield>
  </datafield>
  <datafield tag="952" ind1=" " ind2=" ">
    <subfield code="0">0</subfield>
    <subfield code="1">0</subfield>
    <subfield code="2">ddc</subfield>
    <subfield code="4">0</subfield>
    <subfield code="6">AVM_HOR_2007_000000000000000_B079_OR_2</subfield>
    <subfield code="7">0</subfield>
    <subfield code="9">9128</subfield>
    <subfield code="a">LBB</subfield>
    <subfield code="b">LBB</subfield>
    <subfield code="c">B079</subfield>
    <subfield code="d">2015-10-08</subfield>
    <subfield code="o">AVM HOR 2007 B079 Or.2</subfield>
    <subfield code="p">RUA025445</subfield>
    <subfield code="r">2015-10-08</subfield>
    <subfield code="w">2015-10-08</subfield>
    <subfield code="y">AVM</subfield>
  </datafield>
  <datafield tag="952" ind1=" " ind2=" ">
    <subfield code="0">0</subfield>
    <subfield code="1">0</subfield>
    <subfield code="2">ddc</subfield>
    <subfield code="4">0</subfield>
    <subfield code="6">AVM_HOR_2007_000000000000000_B079_OR_3</subfield>
    <subfield code="7">0</subfield>
    <subfield code="9">9129</subfield>
    <subfield code="a">LBB</subfield>
    <subfield code="b">LBB</subfield>
    <subfield code="c">B079</subfield>
    <subfield code="d">2015-10-08</subfield>
    <subfield code="o">AVM HOR 2007 B079 Or.3</subfield>
    <subfield code="p">RUA019817</subfield>
    <subfield code="r">2015-10-08</subfield>
    <subfield code="w">2015-10-08</subfield>
    <subfield code="y">AVM</subfield>
  </datafield>
  <datafield tag="952" ind1=" " ind2=" ">
    <subfield code="0">0</subfield>
    <subfield code="1">0</subfield>
    <subfield code="2">ddc</subfield>
    <subfield code="4">0</subfield>
    <subfield code="6">AVM_HOR_2007_000000000000000_B079_OR_4</subfield>
    <subfield code="7">0</subfield>
    <subfield code="9">9130</subfield>
    <subfield code="a">LBB</subfield>
    <subfield code="b">LBB</subfield>
    <subfield code="c">B079</subfield>
    <subfield code="d">2015-10-08</subfield>
    <subfield code="o">AVM HOR 2007 B079 Or.4</subfield>
    <subfield code="p">RUA009941</subfield>
    <subfield code="r">2015-10-08</subfield>
    <subfield code="w">2015-10-08</subfield>
    <subfield code="y">AVM</subfield>
  </datafield>
  <datafield tag="952" ind1=" " ind2=" ">
    <subfield code="0">0</subfield>
    <subfield code="1">0</subfield>
    <subfield code="2">ddc</subfield>
    <subfield code="4">0</subfield>
    <subfield code="6">AVM_HOR_2007_000000000000000_B079_OR_5</subfield>
    <subfield code="7">0</subfield>
    <subfield code="9">9131</subfield>
    <subfield code="a">LBB</subfield>
    <subfield code="b">LBB</subfield>
    <subfield code="c">B079</subfield>
    <subfield code="d">2015-10-08</subfield>
    <subfield code="o">AVM HOR 2007 B079 Or.5</subfield>
    <subfield code="p">RUA015230</subfield>
    <subfield code="r">2015-10-08</subfield>
    <subfield code="w">2015-10-08</subfield>
    <subfield code="y">AVM</subfield>
  </datafield>
  <datafield tag="952" ind1=" " ind2=" ">
    <subfield code="0">0</subfield>
    <subfield code="1">0</subfield>
    <subfield code="2">ddc</subfield>
    <subfield code="4">0</subfield>
    <subfield code="6">AVM_HOR_2007_000000000000000_B079_OR_6</subfield>
    <subfield code="7">0</subfield>
    <subfield code="9">9132</subfield>
    <subfield code="a">LBB</subfield>
    <subfield code="b">LBB</subfield>
    <subfield code="c">B079</subfield>
    <subfield code="d">2015-10-08</subfield>
    <subfield code="l">2</subfield>
    <subfield code="o">AVM HOR 2007 B079 Or.6</subfield>
    <subfield code="p">RUA015243</subfield>
    <subfield code="r">2024-04-23</subfield>
    <subfield code="s">2024-03-11</subfield>
    <subfield code="w">2015-10-08</subfield>
    <subfield code="y">AVM</subfield>
  </datafield>
  <datafield tag="952" ind1=" " ind2=" ">
    <subfield code="0">0</subfield>
    <subfield code="1">0</subfield>
    <subfield code="2">ddc</subfield>
    <subfield code="4">0</subfield>
    <subfield code="6">AVM_HOR_2007_000000000000000_B079_OR_7</subfield>
    <subfield code="7">0</subfield>
    <subfield code="9">9133</subfield>
    <subfield code="a">LBB</subfield>
    <subfield code="b">LBB</subfield>
    <subfield code="c">B079</subfield>
    <subfield code="d">2015-10-08</subfield>
    <subfield code="o">AVM HOR 2007 B079 Or.7</subfield>
    <subfield code="p">RUA015231</subfield>
    <subfield code="r">2015-10-08</subfield>
    <subfield code="w">2015-10-08</subfield>
    <subfield code="y">AVM</subfield>
  </datafield>
</record>
